Statistics for City to Country Multiple Choice

Click here to take the quiz!

General Stats

  • This quiz has been taken 40 times
  • The average score is 19 of 20

Answer Stats

QuestionAnswer% Correct
ChinaBeijing
100%
TurkeyIstanbul
100%
AustraliaSydney
100%
GermanyBerlin
98%
United StatesLos Angeles
98%
FranceMarseille
98%
IndiaMumbai
98%
JapanOsaka
98%
RussiaSaint Petersburg
98%
CanadaVancouver
98%
VietnamHanoi
95%
United KingdomManchester
95%
BrazilSão Paulo
95%
EgyptAlexandria
93%
NigeriaLagos
93%
South AfricaDurban
88%
MexicoGuadalajara
88%
IranMashhad
83%
Saudi ArabiaDammam
75%
PakistanLahore
70%

Score Distribution

Percentile by Number Answered

Percent of People with Each Score

Your Score History

You have not taken this quiz